Datum a čas kvízu
13
Celkem bodů
Celkový počet nahraných bodů na tomto kvízu bez doplňovacích otázek.
4.
Pořadí na kvízu
Konečné umístění týmu na tomto kvízu.
Zaznamenané odpovědi
| # | Otázka | Odpověď | Body | Výsledky |
|---|---|---|---|---|
| 1. | Jedno naše město bojuje proti... | Brno | 0 | |
| 2. | Do boje o Bílý dům se minulý t... | Joe Biden | 0 | |
| 3. | Minulý týden vstoupil do kin p... | (Avengers:) Endgame | 1 | |
| 4. | Jistý český internetový portál... | Seznam.cz | 0 | |
| 5. | Známý český výrobce sportovníh... | Alpine Pro | 0 | |
| 6. | Na obrázku vidíme nizozemské m... | Gouda | 1 | |
| 7. | Jak se jmenuje bývalá nizozems... | Beatrix | 0 | |
| 8. | Nizozemsko se může pyšnit slav... | brambory | 0 | |
| 9. | Nadnárodní společnost, která s... | Ahold | 1 | |
| 10. | Mezi nejoblíbenější sporty v N... | Hendrik Johannes Cruijff (Johan Cruyff) | 0 |